|
|
|
|
| LEADER |
00890pam a22002538a 4500 |
| 001 |
00021944 |
| 005 |
20171026081025.0 |
| 008 |
110527s1986 ||||||Viesd |
| 020 |
|
|
|c 1200
|
| 041 |
0 |
# |
|a Vie
|
| 082 |
1 |
4 |
|b TH460O
|a 891
|
| 100 |
0 |
# |
|a Thái Bá Tân
|e dịch và giới thiệu
|
| 245 |
0 |
0 |
|c Thái Bá Tân dịch và giới thiệu
|a Thơ Oma khayam Baba takhi
|
| 260 |
# |
# |
|a H.
|b Văn học
|c 1986
|
| 300 |
# |
# |
|a 123 tr.
|c 19 cm.
|
| 490 |
# |
# |
|a Văn học cổ điển nước ngoài. Văn học Ba tư
|
| 653 |
# |
# |
|a Ba tư
|
| 653 |
# |
# |
|a Thơ
|
| 653 |
# |
# |
|a Văn học cổ điển
|
| 852 |
# |
# |
|b Kho mượn
|j KM.0011540, KM.0011603
|
| 852 |
# |
# |
|b Kho đọc
|j KD.0007050
|
| 852 |
# |
# |
|j KD.0007050
|j KM.0011540
|j KM.0011603
|
| 910 |
0 |
# |
|a Đức
|d 27/05/2011
|
| 980 |
# |
# |
|a Trung tâm Học liệu Lê Vũ Hùng, Trường Đại học Đồng Tháp
|